Managerial accounting / (Record no. 859)
[ view plain ]
| 000 -LEADER | |
|---|---|
| fixed length control field | 01870nam a22003257a 4500 |
| 001 - CONTROL NUMBER | |
| control field | 21132705 |
| 005 - DATE AND TIME OF LATEST TRANSACTION | |
| control field | 20231121085237.0 |
| 008 - FIXED-LENGTH DATA ELEMENTS--GENERAL INFORMATION | |
| fixed length control field | 231121b |||||||| |||| 00| 0 eng d |
| 010 ## - LIBRARY OF CONGRESS CONTROL NUMBER | |
| LC control number | 2019035968 |
| 020 ## - INTERNATIONAL STANDARD BOOK NUMBER | |
| International Standard Book Number | 9781119577720 |
| Qualifying information | (paperback) |
| 040 ## - CATALOGING SOURCE | |
| Original cataloging agency | DLC |
| Language of cataloging | eng |
| Description conventions | rda |
| Transcribing agency | KMU |
| Modifying agency | KMU |
| 042 ## - AUTHENTICATION CODE | |
| Authentication code | pcc |
| 050 00 - LIBRARY OF CONGRESS CALL NUMBER | |
| Classification number | HF 5635 |
| 100 1# - MAIN ENTRY--PERSONAL NAME | |
| Personal name | Jiambalvo, James, |
| Dates associated with a name | 1948- |
| Relator term | author. |
| 245 10 - TITLE STATEMENT | |
| Title | Managerial accounting / |
| Statement of responsibility, etc. | James Jiambalvo, University of Washington. |
| 250 ## - EDITION STATEMENT | |
| Edition statement | Seventh edition. |
| 263 ## - PROJECTED PUBLICATION DATE | |
| Projected publication date | 1111 |
| 264 #1 - PRODUCTION, PUBLICATION, DISTRIBUTION, MANUFACTURE, AND COPYRIGHT NOTICE | |
| Place of production, publication, distribution, manufacture | Hoboken, New Jersey : |
| Name of producer, publisher, distributor, manufacturer | Wiley, |
| Date of production, publication, distribution, manufacture, or copyright notice | 2001. |
| 300 ## - PHYSICAL DESCRIPTION | |
| Extent | 198 pages : |
| Dimensions | 28 cm. |
| 336 ## - CONTENT TYPE | |
| Content type term | text |
| Content type code | txt |
| Source | rdacontent |
| 337 ## - MEDIA TYPE | |
| Media type term | unmediated |
| Media type code | n |
| Source | rdamedia |
| 338 ## - CARRIER TYPE | |
| Carrier type term | volume |
| Carrier type code | nc |
| Source | rdacarrier |
| 500 ## - GENERAL NOTE | |
| General note | Includes index. |
| 520 ## - SUMMARY, ETC. | |
| Summary, etc. | "This book is intended to drive home the fundamental ideas of managerial accounting and motivate students to actually want to study the subject. As you will see, the text has a number of unique features that help accomplish these goals. Based on my teaching experience and from what we have heard from professors using the previous editions, we believe students and professors want a textbook that: Recognizes that most students will become managers, not accountants Focuses attention on decision making Stresses the fact that "You Get What You Measure" Motivates students to learn managerial accounting by connecting concepts and techniques to the real world Recognizes the importance of service businesses Is clear, concise and current"-- |
| Assigning source | Provided by publisher. |
| 650 #0 - SUBJECT ADDED ENTRY--TOPICAL TERM | |
| Topical term or geographic name entry element | Managerial accounting. |
| 776 08 - ADDITIONAL PHYSICAL FORM ENTRY | |
| Relationship information | Online version: |
| Main entry heading | Jiambalvo, James, |
| Title | Managerial accounting |
| Edition | Seventh edition. |
| Place, publisher, and date of publication | Hoboken, New Jersey : Wiley, 2019. |
| 906 ## - LOCAL DATA ELEMENT F, LDF (RLIN) | |
| a | 0 |
| b | vip |
| c | orignew |
| d | 1 |
| e | ecip |
| f | 20 |
| g | y-gencatlg |
| 942 ## - ADDED ENTRY ELEMENTS (KOHA) | |
| Source of classification or shelving scheme | Library of Congress Classification |
| Koha item type | Non-Fiction |
| Suppress in OPAC | No |
| Withdrawn status | Lost status | Source of classification or shelving scheme | Damaged status | Not for loan | Collection | Home library | Current library | Shelving location | Date acquired | Source of acquisition | Total Checkouts | Full call number | Barcode | Date last seen | Price effective from | Koha item type |
|---|---|---|---|---|---|---|---|---|---|---|---|---|---|---|---|---|
| Library of Congress Classification | Non-fiction | Kapasa Makasa University | Kapasa Makasa University | Open Access | 13.08.2015 | Donated by J.C.A. Tembo | HF 5635 Jia | 745872 | 21.11.2023 | 21.11.2023 | Non-Fiction |